000 01541nam a22003734a 4500
001 ebr10073587
003 CaPaEBR
006 m u
007 cr cn|||||||||
008 020329s2003 enk sb 001 0 eng
010 _z 2002067069
020 _z0521818176
020 _z0521521432 (pbk.)
040 _aCaPaEBR
_cCaPaEBR
035 _a(OCoLC)559542901
050 1 4 _aJQ1519.A5
_bD53 2003eb
082 0 4 _a324.251/075
_221
100 1 _aDickson, Bruce J.
245 1 0 _aRed capitalists in China
_h[electronic resource] :
_bthe party, private entrepreneurs, and prospects for political change /
_cBruce J. Dickson.
260 _aCambridge, UK ;
_aNew York :
_bCambridge University Press,
_c2003.
300 _ax, 187 p.
490 1 _aCambridge modern China series
504 _aIncludes bibliographical references (p. 173-183) and index.
533 _aElectronic reproduction.
_bPalo Alto, Calif. :
_cebrary,
_d2013.
_nAvailable via World Wide Web.
_nAccess may be limited to ebrary affiliated libraries.
610 2 0 _aZhongguo gong chan dang.
650 0 _aBusinessmen
_zChina
_xPolitical activity.
650 0 _aEntrepreneurship
_xPolitical aspects
_zChina.
651 0 _aChina
_xPolitics and government
_y1976-2002.
651 0 _aChina
_xEconomic policy
_y1976-2000.
655 7 _aElectronic books.
_2local
710 2 _aebrary, Inc.
830 0 _aCambridge modern China series.
856 4 0 _uhttp://site.ebrary.com/lib/rucke/Doc?id=10073587
_zAn electronic book accessible through the World Wide Web; click to view
999 _c34239
_d34239